书目信息 |
| 题名: |
看图安装电气设备和电路
|
|
| 作者: | 郑凤翼 主编 | |
| 分册: | ||
| 出版信息: | 北京 人民邮电出版社 2002.12 |
|
| 页数: | 234页 | |
| 开本: | 26cm | |
| 丛书名: | ||
| 单 册: | ||
| 中图分类: | TM05 | |
| 科图分类: | ||
| 主题词: | 电工--安装 | |
| 电子资源: | ||
| ISBN: | 7-115-10663-0 | |
| 000 | 00576nam0 2200193 45 | |
| 001 | 0329886515 | |
| 005 | 2003041508180650 | |
| 010 | @a7-115-10663-0@dRMB 21.00 | |
| 100 | @a20030415d2002 km y0chiy0120 ea | |
| 101 | 0 | @achi |
| 102 | @aCN@b110000 | |
| 200 | 1 | @a看图安装电气设备和电路@Akan tu an zhuang dian qi she bei he dian lu@f郑凤翼主编@Fzheng feng yi zhu bian |
| 210 | @a北京@c人民邮电出版社@d2002.12 | |
| 215 | @a234页@d26cm | |
| 606 | 0 | @a电工@x安装 |
| 690 | @aTM05@v3 | |
| 701 | 0 | @a郑凤翼@Azheng feng yi@4主编 |
| 801 | 0 | @aCN@bPFT@c20030415 |
| 905 | @a10447@dTM05@eZ430 | |
| 看图安装电气设备和电路/郑凤翼主编.-北京:人民邮电出版社,2002.12 |
| 234页;26cm |
| ISBN 7-115-10663-0:RMB 21.00 |
| ● |
| 相关链接 |
|
|
|
正题名:看图安装电气设备和电路
索取号:TM05/Z430
 
预约/预借
| 序号 | 登录号 | 条形码 | 馆藏地/架位号 | 状态 | 备注 |
| 1 | 365396 | 203653965 | 自科库301/301自科库 5排3列1层/ [索取号:TM05/Z430] | 在馆 | |
| 2 | 365397 | 203653974 | 自科库301/301自科库 5排3列1层/ [索取号:TM05/Z430] | 在馆 |